[Event "4NCL Online Division 6"]
[Site "online"]
[Date "2020.10.20"]
[Round "5.181"]
[White "Wilson, Andrew B"]
[Black "Eedle, Eric F"]
[Result "0-1"]
[WhiteElo "1675"]
[BlackElo "1787"]
[PlyCount "84"]
[EventDate "2020.10.20"]
[WhiteTeam "Ashby Ivanhoe"]
[BlackTeam "Barnet Knights B"]

1. d4 Nf6 2. Bf4 c5 3. d5 d6 4. Nc3 e5 5. Bg5 Be7 6. Bxf6 Bxf6 7. e4 O-O 8.
Nge2 a6 9. a4 Nd7 10. Ng3 g6 11. Be2 Bg7 12. Bg4 Rb8 13. O-O b5 14. a5 Qc7 15.
Qd2 Nf6 16. Be2 h5 17. Qg5 Ng4 18. Bxg4 Bxg4 19. f3 Bc8 20. Nd1 c4 21. Qe3 Kh7
22. Kh1 Rh8 23. Ne2 Qe7 24. Qf2 Rb7 25. b3 h4 26. b4 Kg8 27. Ra3 f5 28. g3 Qg5
29. f4 exf4 30. gxf4 Qe7 31. Qg2 h3 32. Qxg6 Qxe4+ 33. Raf3 Qxe2 34. Ne3 Re7
35. Rg3 Rh7 36. Rgf3 Rxe3 37. R3f2 Qh5 38. Qxd6 Qe8 39. Qc5 Re1 40. d6 Bb7+ 41.
Kg1 Qg6+ 42. Rg2 Qxg2# 0-1

[Event "4NCL Online Division 6"]
[Site "online"]
[Date "2020.10.20"]
[Round "5.182"]
[White "Vaidya, Raghav"]
[Black "Hayden, Lawrence F"]
[Result "1-0"]
[WhiteElo "1765"]
[BlackElo "1652"]
[PlyCount "85"]
[EventDate "2020.10.20"]
[WhiteTeam "Barnet Knights B"]
[BlackTeam "Ashby Ivanhoe"]

1. c4 Nf6 2. Nc3 d5 3. cxd5 Nxd5 4. g3 g6 5. Bg2 Nb6 6. h4 h5 7. Nf3 Bg7 8. d3
Nc6 9. Be3 Nd5 10. Nxd5 Qxd5 11. Qd2 Qa5 12. Qxa5 Nxa5 13. Rb1 Nc6 14. O-O Nb4
15. a3 Nd5 16. Bd4 Bxd4 17. Nxd4 e6 18. Rfc1 c6 19. b4 a6 20. Nb3 Kd8 21. e4
Nb6 22. Nc5 Re8 23. e5 Nd5 24. Ne4 Re7 25. a4 Rc7 26. f3 Bd7 27. f4 Ke7 28. Nc3
Rac8 29. Ne4 Ra8 30. Nd6 Be8 31. Rc5 b6 32. Rcc1 Kd8 33. d4 Raa7 34. Bxd5 cxd5
35. b5 a5 36. Kf2 Rxc1 37. Rxc1 Ra8 38. Kf3 f5 39. exf6 Bd7 40. Nf7+ Ke8 41.
Ne5 Rc8 42. f7+ Ke7 43. Nxd7 1-0

[Event "4NCL Online Division 6"]
[Site "online"]
[Date "2020.10.20"]
[Round "5.183"]
[White "Wyld, Nick M"]
[Black "Vyas, Alisha"]
[Result "0-1"]
[WhiteElo "1450"]
[BlackElo "1682"]
[PlyCount "119"]
[EventDate "2020.10.20"]
[WhiteTeam "Ashby Ivanhoe"]
[BlackTeam "Barnet Knights B"]

1. e4 e5 2. Bc4 Nc6 3. Nf3 Bc5 4. d4 exd4 5. Ng5 Nh6 6. Qh5 O-O 7. Bxf7+ Rxf7
8. Nxf7 Nxf7 9. Qxc5 d6 10. Qh5 Qe7 11. f3 Nb4 12. Na3 c5 13. O-O b6 14. c3
dxc3 15. bxc3 Nd3 16. Nc4 Ba6 17. Ne3 Nf4 18. Qg4 Bxf1 19. Qxf4 Bd3 20. Nf5 Qe5
21. Nxd6 Qxd6 22. Qg4 c4 23. a4 Rd8 24. Bb2 Nh6 25. Qg5 Re8 26. Ba3 Qc7 27.
Qd5+ Nf7 28. Re1 Re5 29. Qa8+ Nd8 30. f4 Re8 31. Qd5+ Kh8 32. e5 Ne6 33. Re3
Nxf4 34. Qd4 Ne2+ 35. Rxe2 Bxe2 36. Bd6 Qc6 37. e6 Rxe6 38. Be5 Rxe5 39. Qxe5
Qc5+ 40. Qxc5 bxc5 41. Kf2 Bd3 42. Ke3 Kg8 43. Kf4 Kf7 44. Ke5 h5 45. Kd5 g5
46. Kxc5 Ke6 47. Kc6 Ke5 48. Kb7 Be4+ 49. Kxa7 Bxg2 50. Kb6 Bd5 51. Kc5 Ke4 52.
a5 h4 53. h3 g4 54. hxg4 h3 55. g5 h2 56. g6 h1=Q 57. g7 Qg1+ 58. Kd6 Qxg7 59.
a6 Qe5+ 60. Kc5 0-1

[Event "4NCL Online Division 6"]
[Site "online"]
[Date "2020.10.20"]
[Round "5.184"]
[White "Sanfey, Gregor"]
[Black "Roberts, Neil J"]
[Result "1-0"]
[WhiteElo "1690"]
[BlackElo "1382"]
[PlyCount "49"]
[EventDate "2020.10.20"]
[WhiteTeam "Barnet Knights B"]
[BlackTeam "Ashby Ivanhoe"]

1. e4 c5 2. b4 e6 3. bxc5 Bxc5 4. d4 Be7 5. Bd3 d6 6. Bb2 Nc6 7. Qg4 Bf6 8. Ne2
e5 9. Qg3 exd4 10. Na3 Be5 11. f4 Bf6 12. O-O a6 13. Rae1 Nge7 14. Nc4 g6 15.
e5 dxe5 16. fxe5 Nxe5 17. Nxe5 Bg7 18. Nxf7 Qb6 19. Ba3 Qe6 20. Nc1 Qg4 21.
Rxe7+ Kf8 22. Ree1+ Kg8 23. Re8+ Bf8 24. Bxf8 Qxg3 25. Bh6# 1-0

[Event "4NCL Online Division 6"]
[Site "online"]
[Date "2020.10.20"]
[Round "5.191"]
[White "Janota, Paul S"]
[Black "Kumar, Sanjit S"]
[Result "1/2-1/2"]
[WhiteElo "1855"]
[BlackElo "1817"]
[PlyCount "112"]
[EventDate "2020.10.20"]
[WhiteTeam "Maidenhead 2"]
[BlackTeam "KCJS"]

1. e4 e5 2. f4 exf4 3. Nf3 d5 4. exd5 Nf6 5. Bb5+ Bd7 6. Bc4 Bg4 7. O-O Be7 8.
Nc3 O-O 9. d4 Nbd7 10. Bxf4 Nb6 11. Bb3 Nfxd5 12. Nxd5 Nxd5 13. Bxd5 Qxd5 14.
Bxc7 Rac8 15. Bg3 Rfd8 16. c3 b5 17. Qe1 Bxf3 18. Rxf3 Bf6 19. a3 a5 20. Bh4
Bxh4 21. Qxh4 b4 22. axb4 axb4 23. Raf1 bxc3 24. bxc3 f6 25. Rg3 Kh8 26. Rxf6
Re8 27. Rf1 Qe6 28. Rh3 h6 29. Qh5 Rf8 30. Rxf8+ Rxf8 31. Qe5 Qg6 32. Re3 Qa6
33. Re1 Qa2 34. Qe2 Qb3 35. Qd2 Rc8 36. Rc1 Rf8 37. h3 Qc4 38. Rd1 Rc8 39. d5
Qxc3 40. Qxc3 Rxc3 41. d6 Rc8 42. Kf2 Kg8 43. Ke3 Kf7 44. Ke4 Ke6 45. g3 Rd8
46. d7 g6 47. g4 Rxd7 48. Rxd7 Kxd7 49. Ke5 Ke7 50. h4 Kf7 51. g5 hxg5 52. hxg5
Ke7 53. Kd5 Kd7 54. Ke5 Ke7 55. Kd5 Kd7 56. Ke5 Ke7 1/2-1/2

[Event "4NCL Online Division 6"]
[Site "online"]
[Date "2020.10.20"]
[Round "5.192"]
[White "Hill-Wood, T Wilfred D"]
[Black "Mashayekh, Majid"]
[Result "1-0"]
[WhiteElo "1630"]
[BlackElo "1855"]
[PlyCount "73"]
[EventDate "2020.10.20"]
[WhiteTeam "KCJS"]
[BlackTeam "Maidenhead 2"]

1. e4 c5 2. Nc3 Nc6 3. f4 d6 4. Bb5 Bd7 5. Nf3 g6 6. O-O Bg7 7. d3 Nd4 8. Nxd4
Bxd4+ 9. Kh1 Bxb5 10. Nxb5 Bg7 11. e5 d5 12. f5 Bxe5 13. Qf3 Nf6 14. Bh6 Qd7
15. c4 gxf5 16. Rae1 Ng4 17. Bf4 Bxf4 18. Qxf4 Kf8 19. h3 h5 20. hxg4 hxg4+ 21.
Kg1 dxc4 22. dxc4 e6 23. Qe5 Kg8 24. Qxc5 Qd3 25. Qe3 Qxc4 26. Nd6 Qc7 27. Qe5
Rd8 28. Rd1 Qb6+ 29. Rd4 Rh6 30. Rfd1 Rg6 31. Nc4 Rxd4 32. Rxd4 f6 33. Qb8+ Kg7
34. Nxb6 axb6 35. Qc7+ Kh6 36. Qf4+ Kh5 37. Rd7 1-0

[Event "4NCL Online Division 6"]
[Site "online"]
[Date "2020.10.20"]
[Round "5.193"]
[White "Wenninger, Maxim"]
[Black "Soulier, Alfred"]
[Result "1-0"]
[WhiteElo "1825"]
[BlackElo "1630"]
[PlyCount "61"]
[EventDate "2020.10.20"]
[WhiteTeam "Maidenhead 2"]
[BlackTeam "KCJS"]

1. e4 c5 2. Nf3 d6 3. d4 cxd4 4. Nxd4 Nf6 5. Nc3 a6 6. Be3 e6 7. f3 b5 8. Qd2
Bb7 9. O-O-O Nbd7 10. g4 h6 11. h4 b4 12. Na4 Qa5 13. b3 Nc5 14. Nxc5 Qxa2 15.
Qxb4 dxc5 16. Qxb7 Qa1+ 17. Kd2 Qa5+ 18. Ke2 Rd8 19. Nc6 Rxd1 20. Nxa5 Rd7 21.
Qc8+ Rd8 22. Qc6+ Rd7 23. Kf2 Be7 24. Bxc5 O-O 25. Bxe7 Rxe7 26. g5 hxg5 27.
hxg5 Nd7 28. Qd6 Rfe8 29. Qh2 f5 30. g6 Nf6 31. Qh8# 1-0

[Event "4NCL Online Division 6"]
[Site "online"]
[Date "2020.10.20"]
[Round "5.194"]
[White "Patel, Sen"]
[Black "Castaneda, William"]
[Result "1-0"]
[WhiteElo "1532"]
[BlackElo "1727"]
[PlyCount "79"]
[EventDate "2020.10.20"]
[WhiteTeam "KCJS"]
[BlackTeam "Maidenhead 2"]

1. e4 e5 2. Nf3 Nc6 3. d4 exd4 4. Bc4 Bc5 5. c3 d3 6. Qxd3 d6 7. O-O Bg4 8. h3
Bh5 9. Be3 Bb6 10. Bxb6 axb6 11. Nbd2 Bg6 12. Qe3 Nge7 13. Rad1 O-O 14. a3 Kh8
15. Nb3 f6 16. Nfd4 Ne5 17. Be2 Qd7 18. f4 N5c6 19. f5 Bf7 20. Bg4 Nxd4 21.
Nxd4 Nc6 22. Ne6 Rfe8 23. Nd4 Ne5 24. Bf3 Nc4 25. Qc1 Ne5 26. Rfe1 Rad8 27. b4
c5 28. Nc2 Qb5 29. Qf4 Bb3 30. Rd2 Nd3 31. Be2 Bc4 32. Bxd3 Bxd3 33. Re3 Bxc2
34. Rxc2 Qd3 35. Rxd3 Re5 36. Rcd2 Rde8 37. Rxd6 Rxe4 38. Qf2 Re1+ 39. Kh2 R1e3
40. Rd8 1-0

[Event "4NCL Online Division 6"]
[Site "online"]
[Date "2020.10.20"]
[Round "5.201"]
[White "Freeman, Ashley"]
[Black "Heath, Chris W"]
[Result "1-0"]
[WhiteElo "1975"]
[BlackElo "1810"]
[PlyCount "81"]
[EventDate "2020.10.20"]
[WhiteTeam "Redbridge All Sorts 1"]
[BlackTeam "Horsham 2"]

1. e4 e6 2. d4 d5 3. Nc3 Nf6 4. Bg5 Be7 5. e5 Nfd7 6. Bxe7 Qxe7 7. f4 a6 8. Qg4
O-O 9. Nf3 f6 10. O-O-O c5 11. dxc5 Nxc5 12. Bd3 Nc6 13. Rhe1 fxe5 14. Nxe5 Qf6
15. g3 Nxe5 16. Rxe5 Nxd3+ 17. Rxd3 b5 18. Ne2 Qg6 19. Qxg6 hxg6 20. Nd4 Rf6
21. Rc3 Bd7 22. Rc7 Rd8 23. Ra7 Bc8 24. Kd2 Kf8 25. Kc3 Rf7 26. Rxf7+ Kxf7 27.
Kb4 Re8 28. Kc5 Kf6 29. Kd6 Re7 30. c3 Rd7+ 31. Kc6 Re7 32. Kb6 g5 33. Rxg5 e5
34. Rxe5 Rxe5 35. fxe5+ Kxe5 36. Nc6+ Ke4 37. Ne7 Bh3 38. Kxa6 Bf1 39. Kb6 Kf3
40. Nxd5 Kg2 41. Ne3+ 1-0

[Event "4NCL Online Division 6"]
[Site "online"]
[Date "2020.10.20"]
[Round "5.202"]
[White "Marshall, W John"]
[Black "Hunnable, Ian D"]
[Result "1-0"]
[WhiteElo "1757"]
[BlackElo "1967"]
[PlyCount "111"]
[EventDate "2020.10.20"]
[WhiteTeam "Horsham 2"]
[BlackTeam "Redbridge All Sorts 1"]

1. e4 e6 2. d4 d5 3. Nc3 Nf6 4. Bg5 Be7 5. e5 Nfd7 6. Bxe7 Qxe7 7. f4 O-O 8.
Nf3 c5 9. Bd3 f6 10. O-O Nc6 11. exf6 Nxf6 12. dxc5 Qxc5+ 13. Kh1 Qb4 14. Qd2
Qxb2 15. Rab1 Qa3 16. Rb3 Qe7 17. Nb5 Bd7 18. Nbd4 Nxd4 19. Nxd4 b6 20. Re1
Rae8 21. Rc3 Qb4 22. Nf3 Qd6 23. Ne5 Rc8 24. Rxc8 Bxc8 25. g3 Qc5 26. Qe2 Bb7
27. Nf3 Rc8 28. Qxe6+ Kf8 29. Ng5 d4+ 30. Be4 Bxe4+ 31. Rxe4 Qc7 32. Rxd4 Re8
33. Qd6+ Qxd6 34. Rxd6 Re1+ 35. Kg2 Re2+ 36. Kh3 Rxc2 37. Rd8+ Ke7 38. Rb8 Rxa2
39. Rb7+ Nd7 40. Nxh7 Kd6 41. Nf8 Nxf8 42. Rxg7 Nd7 43. g4 b5 44. g5 b4 45. g6
Nf6 46. Rf7 Ke6 47. Kg3 b3 48. Rb7 b2 49. g7 Ng8 50. h4 a5 51. Kg4 Kf6 52. h5
Nh6+ 53. Kh4 Nf7 54. g8=Q Nd6 55. Qg7+ Kf5 56. Qe5# 1-0

[Event "4NCL Online Division 6"]
[Site "online"]
[Date "2020.10.20"]
[Round "5.203"]
[White "Reynolds, D Ian W"]
[Black "Trofin, Marian"]
[Result "1-0"]
[WhiteElo "1915"]
[BlackElo "1660"]
[PlyCount "89"]
[EventDate "2020.10.20"]
[WhiteTeam "Redbridge All Sorts 1"]
[BlackTeam "Horsham 2"]

1. e4 e5 2. Nf3 Nc6 3. d4 exd4 4. Nxd4 Qf6 5. Be3 Bc5 6. c3 Nge7 7. Bb5 Bb6 8.
O-O O-O 9. Na3 a6 10. Be2 d6 11. Nac2 Qg6 12. Nxc6 Nxc6 13. Bxb6 cxb6 14. Bf3
Ne5 15. Re1 f5 16. Nd4 fxe4 17. Bxe4 Qf6 18. f3 Rb8 19. Qb3+ Kh8 20. Qxb6 Bd7
21. Nc2 Bc6 22. Qd4 a5 23. Rad1 Rbd8 24. Ne3 Qg5 25. Bxc6 bxc6 26. Kh1 c5 27.
Qd2 Qh4 28. Nf1 c4 29. Qd4 Qh6 30. Rxe5 dxe5 31. Qxd8 Qf4 32. Qd2 Qf5 33. Ne3
Qf4 34. Ng4 Qf5 35. Nf2 h6 36. Ne4 Qg6 37. Qd6 Qf5 38. Kg1 Qf4 39. Qd2 Qf5 40.
Qe2 Qf4 41. Qd2 Qf5 42. Nd6 Qe6 43. Qd5 Qf5 44. Nxc4 Qc2 45. Qd3 1-0

[Event "4NCL Online Division 6"]
[Site "online"]
[Date "2020.10.20"]
[Round "5.204"]
[White "Turvey, Guy"]
[Black "Sheard, Jack"]
[Result "0-1"]
[WhiteElo "1412"]
[BlackElo "1855"]
[PlyCount "130"]
[EventDate "2020.10.20"]
[WhiteTeam "Horsham 2"]
[BlackTeam "Redbridge All Sorts 1"]

1. e4 c6 2. d4 d5 3. Nc3 dxe4 4. Nxe4 Bf5 5. Ng3 Bg6 6. N1e2 Nf6 7. Nf4 e5 8.
dxe5 Qa5+ 9. c3 Qxe5+ 10. Be2 Nbd7 11. O-O Bc5 12. Nd3 Bxd3 13. Bxd3 O-O 14.
Qf3 Rfe8 15. Bf4 Qd5 16. Qd1 Rad8 17. Qc2 Ne5 18. Be2 Qe6 19. Rfe1 Neg4 20. Rf1
Nd5 21. Bg5 Ngf6 22. c4 Nb4 23. Qb3 Rd7 24. a3 Na6 25. Qc2 Ne4 26. Nxe4 Qxe4
27. Qxe4 Rxe4 28. Bf3 Rxc4 29. Rfd1 Rxd1+ 30. Rxd1 Rd4 31. Re1 f6 32. Be3 Rd7
33. Bg4 Re7 34. Bc8 Bxe3 35. Rxe3 Rxe3 36. fxe3 Nc5 37. b4 Nd3 38. Bxb7 Ne5 39.
Kf2 Kf7 40. Kg3 g5 41. Kf2 Ke7 42. h3 h5 43. e4 Kd6 44. a4 Nd3+ 45. Ke3 Nxb4
46. Bc8 c5 47. Bf5 Nc6 48. Kd3 Ne5+ 49. Kc3 a5 50. Kb3 h4 51. Kc3 Kc6 52. Bc8
Nf7 53. Ba6 Nd6 54. Bb5+ Nxb5+ 55. axb5+ Kxb5 56. Kb3 a4+ 57. Ka3 c4 58. Kb2
Kb4 59. Kc2 a3 60. Kb1 Kb3 61. Ka1 c3 62. Kb1 c2+ 63. Kc1 Kc3 64. e5 a2 65. e6
a1=Q# 0-1

[Event "4NCL Online Division 6"]
[Site "online"]
[Date "2020.10.20"]
[Round "5.211"]
[White "Grose, Kameron"]
[Black "Shaughnessy, Phillip"]
[Result "1-0"]
[WhiteElo "1630"]
[BlackElo "1510"]
[PlyCount "45"]
[EventDate "2020.10.20"]
[WhiteTeam "Barnet Knights C"]
[BlackTeam "Ashton 2"]

1. c4 b6 2. g3 Bb7 3. Nf3 e6 4. Bg2 c5 5. e3 d5 6. cxd5 Bxd5 7. Nc3 Bb7 8. O-O
Nc6 9. b3 Nf6 10. Bb2 Be7 11. Ne2 O-O 12. d4 cxd4 13. Nexd4 Nxd4 14. Nxd4 Bxg2
15. Kxg2 Qd5+ 16. Qf3 Qxf3+ 17. Kxf3 Rac8 18. Rac1 e5 19. Nf5 e4+ 20. Ke2 Bb4
21. a3 g6 22. axb4 Nd5 23. Nh6# 1-0

[Event "4NCL Online Division 6"]
[Site "online"]
[Date "2020.10.20"]
[Round "5.212"]
[White "Supatan, Dawn"]
[Black "Gardner, Tim"]
[Result "0-1"]
[WhiteElo "1547"]
[BlackElo "1600"]
[PlyCount "80"]
[EventDate "2020.10.20"]
[WhiteTeam "Ashton 2"]
[BlackTeam "Barnet Knights C"]

1. e4 d5 2. exd5 Nf6 3. Nc3 Nxd5 4. Nf3 Nxc3 5. bxc3 Nc6 6. d4 e6 7. Bb5 Bd7 8.
O-O Be7 9. Rb1 O-O 10. Bd2 a6 11. Bd3 h6 12. Rxb7 Na5 13. Rb1 c5 14. Qe2 Bc8
15. Qe4 f5 16. Qxa8 c4 17. Be2 Qc7 18. Ne5 Bd6 19. Qf3 Rf6 20. Qg3 Nc6 21. f4
Ne7 22. Bf3 Bxe5 23. fxe5 Rg6 24. Qf2 Nd5 25. Bh5 Rg5 26. Bxg5 hxg5 27. Qg3 Qd8
28. Be2 f4 29. Qf3 Ne3 30. Rfc1 Bd7 31. h3 Qe8 32. Qb7 Kh7 33. Qxa6 Qg6 34. Qd6
Ba4 35. Rb4 Bxc2 36. Bxc4 Qe4 37. Bf1 Nf5 38. Qb6 Qe3+ 39. Kh1 Ng3+ 40. Kh2
Qxc1 0-1

[Event "4NCL Online Division 6"]
[Site "online"]
[Date "2020.10.20"]
[Round "5.213"]
[White "Sarkar, Rian"]
[Black "Mundy, Jack"]
[Result "0-1"]
[WhiteElo "1600"]
[BlackElo "1472"]
[PlyCount "100"]
[EventDate "2020.10.20"]
[WhiteTeam "Barnet Knights C"]
[BlackTeam "Ashton 2"]

1. d4 d5 2. c4 Nf6 3. Nc3 c6 4. Nf3 Bf5 5. Bg5 e6 6. e3 Nbd7 7. Rc1 Be7 8. cxd5
exd5 9. Bd3 Ne4 10. Bxe7 Qxe7 11. Bxe4 dxe4 12. Nd2 Nf6 13. Nc4 O-O 14. O-O Bg4
15. Qb3 Be6 16. Ne2 b5 17. Rfe1 Bxc4 18. Qc2 Rac8 19. Nf4 Nd5 20. b3 Nxf4 21.
exf4 Bd5 22. f3 f5 23. Qf2 Qf6 24. Rc5 exf3 25. gxf3 Rfe8 26. Rec1 Rcd8 27. h3
Qe6 28. R1c2 Qe3 29. R5c3 Qxf4 30. h4 Re6 31. Re2 Rxe2 32. Qxe2 Qxd4+ 33. Re3
Re8 34. Kf2 f4 35. Kg2 Qxe3 36. Qf1 Qe2+ 37. Qf2 Bxf3+ 38. Kg1 Qxf2+ 39. Kxf2
Re3 40. b4 Kf7 41. h5 Bxh5 42. Kg2 Ke6 43. a3 Ke5 44. Kf2 Ke4 45. Kg2 f3+ 46.
Kf2 Re2+ 47. Kf1 Ke3 48. a4 f2 49. axb5 Bf3 50. b6 Re1# 0-1

[Event "4NCL Online Division 6"]
[Site "online"]
[Date "2020.10.20"]
[Round "5.221"]
[White "Wylie, Steve"]
[Black "Smith, Bob"]
[Result "1-0"]
[WhiteElo "1727"]
[BlackElo "1425"]
[PlyCount "87"]
[EventDate "2020.10.20"]
[WhiteTeam "Oadby & Blaby"]
[BlackTeam "East Kilbride Wanderers"]

1. d4 e6 2. Nf3 b6 3. e4 Bb7 4. Bd3 g6 5. Bg5 f6 6. Bf4 Bg7 7. Qe2 Ne7 8. Nbd2
a6 9. c3 O-O 10. O-O-O c5 11. Be3 d6 12. h4 Nd7 13. g4 b5 14. g5 c4 15. Bc2 Qa5
16. a3 d5 17. h5 f5 18. exf5 exf5 19. Bf4 Rf7 20. Bd6 Qb6 21. Bxe7 Re8 22. Rde1
Rexe7 23. Qxe7 Rxe7 24. Rxe7 Qd6 25. Rhe1 Kf8 26. h6 Bxh6 27. gxh6 Qxe7 28.
Rxe7 Kxe7 29. Ng5 Nf6 30. Ndf3 Ng4 31. Nxh7 Nxh6 32. Ne5 Ng4 33. Nxg4 fxg4 34.
Bxg6 Bc8 35. Kd2 Bd7 36. Ke3 Kd6 37. Kf4 Ke7 38. Bf5 Be8 39. Bxg4 Bf7 40. Ng5
Be8 41. Ne6 Bc6 42. Ke5 Bd7 43. f4 Bc8 44. f5 1-0

[Event "4NCL Online Division 6"]
[Site "online"]
[Date "2020.10.20"]
[Round "5.222"]
[White "Dunn, Jeff"]
[Black "Manger, John D"]
[Result "1-0"]
[WhiteElo "1350"]
[BlackElo "1705"]
[PlyCount "91"]
[EventDate "2020.10.20"]
[WhiteTeam "East Kilbride Wanderers"]
[BlackTeam "Oadby & Blaby"]

1. d4 d5 2. Nf3 Nf6 3. e3 c6 4. Bd3 Bg4 5. Nbd2 e6 6. h3 Bh5 7. c3 Bd6 8. O-O
Nbd7 9. e4 dxe4 10. Nxe4 Nxe4 11. Bxe4 Nf6 12. Bc2 Qc7 13. Kh1 O-O-O 14. Qd3
Bg6 15. Qe2 Bxc2 16. Qxc2 e5 17. dxe5 Bxe5 18. Qf5+ Nd7 19. Qxf7 Rdf8 20. Qh5
g6 21. Qg4 Bd6 22. Be3 Kb8 23. Ng5 h5 24. Qa4 Nb6 25. Qd4 Qe7 26. Rad1 Nc8 27.
Qc4 Rf5 28. Ne6 Re5 29. Nf4 Re4 30. Rd4 Rxd4 31. Qxd4 Rg8 32. Qd3 Bxf4 33.
Bxf4+ Ka8 34. Qd2 g5 35. Be3 Rd8 36. Qc1 g4 37. Bg5 Qd7 38. Bxd8 Qxd8 39. hxg4
hxg4 40. Qf4 Qd7 41. Re1 a5 42. Qe4 Nb6 43. Qe8+ Qxe8 44. Rxe8+ Ka7 45. Rg8 Nc4
46. b3 1-0

[Event "4NCL Online Division 6"]
[Site "online"]
[Date "2020.10.20"]
[Round "5.223"]
[White "Harrison, Peter K"]
[Black "Shrestha, Unnabh"]
[Result "0-1"]
[WhiteElo "1750"]
[BlackElo "1085"]
[PlyCount "72"]
[EventDate "2020.10.20"]
[WhiteTeam "Oadby & Blaby"]
[BlackTeam "East Kilbride Wanderers"]

1. d4 Nf6 2. c4 c5 3. d5 b5 4. cxb5 a6 5. e3 g6 6. Nc3 d6 7. Nf3 Bg7 8. a4 Nbd7
9. h3 Qa5 10. Bd2 Bb7 11. e4 O-O 12. Qc1 Qb4 13. Qc2 Nb6 14. bxa6 Bxa6 15. Bxa6
Rxa6 16. O-O Rfa8 17. Rfe1 Nfd7 18. b3 c4 19. Rab1 Nc5 20. bxc4 Qxc4 21. Qc1
Nd3 22. Qc2 Nxe1 23. Bxe1 Nxa4 24. e5 dxe5 25. Rb3 e4 26. Nd2 Qc5 27. Ndxe4 Qc7
28. Qd3 Nxc3 29. Nxc3 Bxc3 30. Rxc3 Qe5 31. Qd2 Ra1 32. Re3 Qd6 33. Qe2 R8a2
34. Qc4 Qf6 35. Qf1 Rb2 36. f3 Qd4 0-1

[Event "4NCL Online Division 6"]
[Site "online"]
[Date "2020.10.20"]
[Round "5.224"]
[White "Nagar, Pankaj"]
[Black "Pettitt, David"]
[Result "0-1"]
[WhiteElo "770"]
[BlackElo "1690"]
[PlyCount "34"]
[EventDate "2020.10.20"]
[WhiteTeam "East Kilbride Wanderers"]
[BlackTeam "Oadby & Blaby"]

1. e4 e6 2. d4 d5 3. Nc3 Nf6 4. f3 c5 5. e5 Nfd7 6. Bb5 a6 7. Be2 Nc6 8. dxc5
Ndxe5 9. f4 Nd7 10. b4 Nxb4 11. Ba3 Bxc5 12. Bxb4 Bxb4 13. Qd3 Qa5 14. Kd2 Nc5
15. Qd4 Ne4+ 16. Kd3 Bxc3 17. Qe3 Qb5# 0-1

[Event "4NCL Online Division 6"]
[Site "online"]
[Date "2020.10.20"]
[Round "5.231"]
[White "Jenkins, David R"]
[Black "Williams, Duncan"]
[Result "0-1"]
[WhiteElo "1532"]
[BlackElo "1847"]
[PlyCount "78"]
[EventDate "2020.10.20"]
[WhiteTeam "Lerryn Clowns"]
[BlackTeam "Morriston Benko"]

1. e4 e5 2. f4 exf4 3. Nf3 g5 4. Bc4 d6 5. h4 g4 6. d4 gxf3 7. Qxf3 Nc6 8. c3
h5 9. Bxf4 Bg4 10. Qf2 Qe7 11. Nd2 Bh6 12. O-O O-O-O 13. b4 Kb8 14. Rae1 Qd7
15. Nb3 Bxf4 16. Qxf4 Nh6 17. b5 Ne7 18. Bxf7 Rdf8 19. Be6 Rxf4 20. Bxd7 Rxf1+
21. Rxf1 Bxd7 22. c4 Rg8 23. Rf6 Rh8 24. e5 Ng4 25. Rf7 Re8 26. Rh7 dxe5 27.
Rxh5 e4 28. Nc5 Bf5 29. Kf1 Ne3+ 30. Kf2 Nxc4 31. Rg5 Rf8 32. Ke2 e3 33. g4 Bc8
34. d5 Rf2+ 35. Ke1 b6 36. Ne4 Rxa2 37. Nc3 Rg2 38. Ne4 Bxg4 39. Kf1 e2+ 0-1

[Event "4NCL Online Division 6"]
[Site "online"]
[Date "2020.10.20"]
[Round "5.232"]
[White "Jones, Huw"]
[Black "Young, Andy"]
[Result "1-0"]
[WhiteElo "1624"]
[BlackElo "1472"]
[PlyCount "61"]
[EventDate "2020.10.20"]
[WhiteTeam "Morriston Benko"]
[BlackTeam "Lerryn Clowns"]

1. e4 c6 2. Nc3 d5 3. Nf3 dxe4 4. Nxe4 Bf5 5. Ng3 Bg6 6. h4 h6 7. Ne5 Qd6 8. d4
Nd7 9. Nxg6 Qxg6 10. Bd3 Qe6+ 11. Be3 g6 12. O-O Ngf6 13. c4 Bg7 14. Bd2 Qd6
15. Bc3 Qf4 16. h5 gxh5 17. Nxh5 Nxh5 18. Qxh5 Nf6 19. Qe5 Qxe5 20. dxe5 Ng4
21. f4 Rd8 22. Be4 Ne3 23. Rf3 Nxc4 24. Rg3 Rg8 25. Bh7 Rh8 26. Rxg7 Kf8 27. e6
f6 28. Rf7+ Ke8 29. Bg6 Rg8 30. Rxf6+ Rxg6 31. Rxg6 1-0

[Event "4NCL Online Division 6"]
[Site "online"]
[Date "2020.10.20"]
[Round "5.233"]
[White "Reid, Mark"]
[Black "Williams, Luke"]
[Result "1-0"]
[WhiteElo "1360"]
[BlackElo "1671"]
[PlyCount "91"]
[EventDate "2020.10.20"]
[WhiteTeam "Lerryn Clowns"]
[BlackTeam "Morriston Benko"]

1. d4 Nf6 2. c4 e6 3. Nc3 Bb4 4. Qc2 O-O 5. a3 Bxc3+ 6. Qxc3 d5 7. Nf3 Nc6 8.
Bg5 h6 9. Bxf6 Qxf6 10. e3 Re8 11. Be2 b6 12. cxd5 exd5 13. Bb5 Bd7 14. O-O a6
15. Ne5 axb5 16. Nxd7 Qd6 17. Rac1 Re6 18. Ne5 Nxe5 19. dxe5 Rxe5 20. Qxc7 Rd8
21. Qxd6 Rxd6 22. Rfd1 d4 23. exd4 Re4 24. g3 Rexd4 25. Rxd4 Rxd4 26. Rc6 Rd1+
27. Kg2 Rb1 28. b4 Rb3 29. Rxb6 Rxa3 30. Rxb5 Kf8 31. Rb8+ Ke7 32. b5 Ra7 33.
b6 Rd7 34. b7 Kf6 35. h4 h5 36. f3 g6 37. g4 hxg4 38. fxg4 Re7 39. Kf3 Ke5 40.
h5 g5 41. h6 f6 42. h7 Rxh7 43. Re8+ Kd4 44. b8=Q Rh3+ 45. Kg2 Rc3 46. Qd6+ 1-0

[Event "4NCL Online Division 6"]
[Site "online"]
[Date "2020.10.20"]
[Round "5.234"]
[White "Giannini, John"]
[Black "Hendin, Richard"]
[Result "0-1"]
[WhiteElo "850"]
[BlackElo "1352"]
[PlyCount "144"]
[EventDate "2020.10.20"]
[WhiteTeam "Morriston Benko"]
[BlackTeam "Lerryn Clowns"]

1. e4 e5 2. Qh5 Nc6 3. Bc4 g6 4. Qf3 Nf6 5. c3 Bg7 6. Ne2 O-O 7. O-O d6 8. h3
a6 9. d3 b5 10. Bb3 Bd7 11. Bg5 a5 12. Bd5 h6 13. Bxf6 Bxf6 14. Bxc6 Bxc6 15.
Nd2 Qd7 16. Qg4 Qxg4 17. hxg4 Bg5 18. Nf3 Be7 19. a3 f6 20. Nh4 Kg7 21. f4 Bd7
22. f5 gxf5 23. gxf5 Rf7 24. Ng6 d5 25. Kh1 Bc5 26. d4 exd4 27. cxd4 Bb6 28.
Rad1 dxe4 29. Nh4 Re8 30. Rfe1 e3 31. Nf4 Re4 32. Nh5+ Kh7 33. g3 Bc6 34. Kh2
e2 35. Rd2 b4 36. axb4 Bb5 37. Nf4 axb4 38. b3 Bxd4 39. Nxe2 Bxe2 40. Rexe2
Rxe2+ 41. Rxe2 c5 42. Kh3 h5 43. Nf3 Rd7 44. Rd2 Rd5 45. g4 hxg4+ 46. Kxg4 Kh6
47. Rh2+ Kg7 48. Rd2 Rd8 49. Kf4 Kf7 50. Ke4 Ke7 51. Nxd4 cxd4 52. Rxd4 Rxd4+
53. Kxd4 Kd6 54. Kc4 Ke5 55. Kxb4 Kxf5 56. Kc4 Ke5 57. b4 Kd6 58. Kd4 f5 59. b5
f4 60. b6 f3 61. b7 Kc7 62. Ke3 f2 63. Kd3 f1=Q+ 64. Kc3 Kxb7 65. Kd2 Kc6 66.
Kc2 Qf3 67. Kb1 Qe2 68. Ka1 Qd2 69. Kb1 Kb5 70. Ka1 Kb4 71. Kb1 Kb3 72. Ka1
Qd1# 0-1

[Event "4NCL Online Division 6"]
[Site "online"]
[Date "2020.10.20"]
[Round "5.241"]
[White "Fell, Colin C"]
[Black "Jones, Andrew"]
[Result "0-1"]
[WhiteElo "1622"]
[BlackElo "1480"]
[PlyCount "88"]
[EventDate "2020.10.20"]
[WhiteTeam "Crowthorne 2"]
[BlackTeam "Shropshire 5"]

1. d4 d5 2. Bf4 Nf6 3. Nc3 a6 4. Nf3 e6 5. a3 c5 6. e3 Nc6 7. Be2 Bd6 8. Bg3 h6
9. Ne5 O-O 10. Qd2 cxd4 11. exd4 Qc7 12. f4 Nd7 13. Bf2 Ndxe5 14. dxe5 Be7 15.
h4 b5 16. g4 Bb7 17. g5 d4 18. Nxb5 axb5 19. Rg1 h5 20. Bxh5 Nxe5 21. fxe5
Qxe5+ 22. Qe2 Qc5 23. Qd3 Rfd8 24. b4 Qd5 25. Be2 Bxb4+ 26. Kf1 Bc3 27. Rb1 Ba6
28. Qh3 Qa2 29. Rb3 Qxc2 30. Rxc3 dxc3 31. h5 Qd2 32. h6 g6 33. h7+ Kh8 34. Be1
Qf4+ 35. Bf2 b4 36. axb4 Rd1+ 37. Kg2 Qxg5+ 38. Bg4 Rxg1+ 39. Bxg1 Bb7+ 40. Kf1
c2 41. Bd4+ e5 42. Bb2 c1=Q+ 43. Bxc1 Qxc1+ 44. Kf2 Ra2+ 0-1